[Event "Cambridge op 2nd"]
[Site "Cambridge"]
[Date "2024.02.22"]
[Round "6"]
[White "Tiviakov, Sergei"]
[Black "Dierssen Garcia Barredo, Guillermo"]
[Result "1-0"]
[WhiteElo "2534"]
[BlackElo "1937"]
[PlyCount "101"]
[EventDate "2024.02.19"]
[EventType "swiss"]
[EventRounds "9"]
[EventCountry "ENG"]
[SourceTitle "CB09_2024"]
[SourceDate "2024.02.28"]
[SourceVersion "1"]
[SourceVersionDate "2024.02.28"]
[SourceQuality "1"]

1. e4 c5 2. Nf3 g6 3. c3 Bg7 4. d4 cxd4 5. cxd4 d5 6. e5 Bg4 7. Bb5+ Nd7 8. Nbd2 Bxf3 9. Qxf3 a6 10. Bd3 e6 11. Qe2 Ne7 12. Nf3 Nc6 13. 0-0 Qb6 14. Be3 0-0 15. h4 f6 16. exf6 Nxf6 17. Rad1 Rae8 18. Ne5 Qc7 19. f4 Nh5 20. Rf3 Ne7 21. Rc1 Qd8 22. g4 Nf6 23. Rh3 Ne4 24. Qg2 Bxe5 25. fxe5 Rf7 26. Bxe4 dxe4 27. Qxe4 Qd5 28. Qxd5 Nxd5 29. Bh6 Rc7 30. Rf1 Rf7 31. Rxf7 Kxf7 32. Rf3+ Kg8 33. Kf2 Rc8 34. Kg3 Re8 35. Kh3 Rc8 36. h5 gxh5 37. gxh5 Re8 38. Rg3+ Kh8 39. Bg7+ Kg8 40. Bf6+ Kf8 41. Rg7 Rc8 42. Rxh7 Rc7 43. Rxc7 Nxc7 44. Kg4 Kg8 45. Kg5 Kh7 46. Bd8 Nd5 47. h6 b6 48. a3 b5 49. Ba5 Ne7 50. Kf6 Nc6 51. Bb6 1-0

[Event "Groningen op 59th"]
[Site "Groningen"]
[Date "2023.12.23"]
[Round "3"]
[White "Elgersma, Onno"]
[Black "Tiviakov, Sergei"]
[Result "0-1"]
[WhiteElo "2310"]
[BlackElo "2536"]
[PlyCount "84"]
[EventDate "2023.12.21"]
[EventType "swiss"]
[EventRounds "9"]
[EventCountry "NED"]
[SourceTitle "CB04_2024"]
[SourceDate "2023.10.16"]
[SourceVersion "1"]
[SourceVersionDate "2023.10.16"]
[SourceQuality "1"]

1. e4 e6 2. d4 d5 3. Nd2 dxe4 4. Nxe4 Bd7 5. Nf3 Bc6 6. Bd3 Nd7 7. 0-0 Ngf6 8. Ng3 Be7 9. Re1 0-0 10. Qe2 Bxf3 11. Qxf3 c6 12. c3 Re8 13. Bc2 a5 14. a4 Qc7 15. Ne4 Nxe4 16. Qxe4 g6 17. g3 Rad8 18. Bf4 Qb6 19. Rab1 Nf6 20. Qf3 Rd7 21. Re2 Nd5 22. Bh6 Bf8 23. Bxf8 Rxf8 24. h4 Qd8 25. Re5 Kg7 26. h5 b6 27. Bb3 Rd6 28. Rbe1 Nf6 29. g4 gxh5 30. gxh5 Rg8 31. Rg5+ Kh6 32. Rxg8 Qxg8+ 33. Kf1 Qg5 34. Re5 Qh4 35. Qe3+ Kg7 36. Rg5+ Kf8 37. Ke2 Ke7 38. Qg3 Qe4+ 39. Kd2 Qb1 40. Bc2 Qxb2 41. Qh4 c5 42. d5 Kd7 0-1

[Event "NED-ch KO"]
[Site "Utrecht"]
[Date "2023.07.03"]
[Round "1.1"]
[White "Tiviakov, Sergei"]
[Black "Kevlishvili, Robby"]
[Result "1/2-1/2"]
[WhiteElo "2548"]
[BlackElo "2539"]
[PlyCount "58"]
[EventDate "2023.07.02"]
[EventType "k.o."]
[EventRounds "4"]
[EventCountry "NED"]
[SourceTitle "CBM 215 Extra"]
[Source "ChessBase"]
[SourceDate "2023.09.30"]
[SourceVersion "1"]
[SourceVersionDate "2023.09.30"]
[SourceQuality "1"]

1. e4 c5 2. c3 d5 3. exd5 Qxd5 4. d4 Nf6 5. Nf3 e6 6. Na3 a6 7. Nc4 Nbd7 8. a4 cxd4 9. Qxd4 Bc5 10. Qxd5 Nxd5 11. a5 Ke7 12. Bd3 Rd8 13. 0-0 Nf8 14. Be4 Nf6 15. Bg5 h6 16. Bxf6+ gxf6 17. Nfd2 Rb8 18. b4 Ba7 19. Nb3 Rd7 20. Nb6 Bxb6 21. axb6 Rd6 22. Na5 Rxb6 23. Nc4 Rb5 24. Rfd1 Nd7 25. f4 f5 26. Bf3 Nf6 27. Nd6 Rb6 28. Nc4 Rb5 29. Nd6 Rb6 1/2-1/2

[Event "FRA-chT Top 16 GpA"]
[Site "Chartres"]
[Date "2023.06.03"]
[Round "3.1"]
[White "Rozentalis, Eduardas"]
[Black "Tiviakov, Sergei"]
[Result "0-1"]
[WhiteElo "2527"]
[BlackElo "2548"]
[PlyCount "70"]
[EventDate "2023.06.01"]
[EventType "team-tourn"]
[EventRounds "7"]
[EventCountry "FRA"]
[SourceTitle "CBM 214 Extra"]
[Source "ChessBase"]
[SourceDate "2023.07.31"]
[SourceVersion "1"]
[SourceVersionDate "2023.07.31"]
[SourceQuality "1"]
[WhiteTeam "Strasbourg"]
[BlackTeam "Chartres"]
[WhiteTeamCountry "FRA"]
[BlackTeamCountry "FRA"]

1. e4 e6 2. d4 d5 3. Nd2 c5 4. exd5 Qxd5 5. Ngf3 cxd4 6. Bc4 Qd8 7. 0-0 Nc6 8. Nb3 a6 9. Nbxd4 Nxd4 10. Qxd4 Qxd4 11. Nxd4 Nf6 12. Bf4 Bc5 13. Rad1 Bd7 14. Rfe1 Rc8 15. Bb3 0-0 16. c3 Rfd8 17. h3 b5 18. a3 a5 19. Be3 Bf8 20. Nc2 Bc6 21. Rxd8 Rxd8 22. Bb6 Ra8 23. c4 Be4 24. Rc1 a4 25. Ba2 bxc4 26. Ne3 c3 27. Bd4 cxb2 28. Bxb2 Nd5 29. Rc4 Nxe3 30. Rxe4 Nd1 31. Be5 Bxa3 32. Re2 Bc5 33. Kf1 Nxf2 34. Rxf2 Bxf2 35. Kxf2 Rc8 0-1

[Event "Chania Theodorakis Memorial 2nd"]
[Site "Chania"]
[Date "2023.04.23"]
[Round "9"]
[White "Tiviakov, Sergei"]
[Black "Leniart, Arkadiusz"]
[Result "1-0"]
[WhiteElo "2550"]
[BlackElo "2501"]
[PlyCount "64"]
[EventDate "2023.04.17"]
[EventType "swiss"]
[EventRounds "9"]
[EventCountry "GRE"]
[SourceTitle "EXT 2024"]
[Source "ChessBase"]
[SourceDate "2023.10.10"]
[SourceVersion "1"]
[SourceVersionDate "2023.10.10"]
[SourceQuality "1"]

1. e4 e5 2. Nf3 Nc6 3. Bc4 Nf6 4. d3 Bc5 5. c3 a6 6. Bb3 Ba7 7. h3 d5 8. Qe2 dxe4 9. dxe4 Qe7 10. Bg5 h6 11. Bh4 g5 12. Bg3 Nh5 13. Nbd2 g4 14. hxg4 Nxg3 15. fxg3 Bxg4 16. Bd5 Nd8 17. 0-0-0 c6 18. Bb3 b5 19. Nf1 a5 20. Rh4 h5 21. N1h2 Bd7 22. Qd2 a4 23. Bc2 f6 24. g4 Ne6 25. Rxh5 0-0-0 26. Rxh8 Rxh8 27. Nf1 Qg7 28. Ng3 Rd8 29. Nf5 Qf8 30. g5 Be8 31. Qe1 Nxg5 32. Nxg5 fxg5 1-0

[Event "Chania Theodorakis Memorial 2nd"]
[Site "Chania"]
[Date "2023.04.20"]
[Round "5"]
[White "Tiviakov, Sergei"]
[Black "Papasimakopoulos, Alexandros"]
[Result "0-1"]
[WhiteElo "2550"]
[BlackElo "2374"]
[PlyCount "112"]
[EventDate "2023.04.17"]
[EventType "swiss"]
[EventRounds "9"]
[EventCountry "GRE"]
[SourceTitle "EXT 2024"]
[Source "ChessBase"]
[SourceDate "2023.10.10"]
[SourceVersion "1"]
[SourceVersionDate "2023.10.10"]
[SourceQuality "1"]

1. e4 e6 2. d4 d5 3. Nd2 Nf6 4. e5 Nfd7 5. c3 c5 6. Bd3 b5 7. Bxb5 Qb6 8. Qa4 a6 9. Bd3 cxd4 10. cxd4 a5 11. Ne2 Ba6 12. Bxa6 Qxa6 13. a3 Be7 14. Nf3 0-0 15. Qd1 a4 16. 0-0 Nc6 17. Bg5 Bxg5 18. Nxg5 h6 19. Nf3 Rfb8 20. Qc2 Nb6 21. Rab1 Nc4 22. Rfd1 Rb3 23. Nc1 Rb5 24. Nd3 Qb6 25. Qc3 Rb3 26. Qe1 Nxb2 27. Nxb2 Rxb2 28. Ra1 Na5 29. Qc3 Rb3 30. Qc2 Nc4 31. Nd2 Nxd2 32. Rxd2 Qb7 33. Qc1 Rb8 34. Rc2 Rb1 35. Rxb1 Qxb1 36. h4 h5 37. Kh2 Qxc1 38. Rxc1 Rb3 39. Rc7 Rxa3 40. Ra7 Ra1 41. Kg3 a3 42. Kf4 a2 43. Kg3 Kh7 44. f3 Kg6 45. Kh2 f6 46. exf6 Kxf6 47. g4 hxg4 48. fxg4 e5 49. g5+ Kf5 50. dxe5 d4 51. e6 Kxe6 52. h5 d3 53. h6 gxh6 54. g6 d2 55. g7 Rh1+ 56. Kg2 Rg1+ 0-1

[Event "Chania Theodorakis Memorial 2nd"]
[Site "Chania"]
[Date "2023.04.18"]
[Round "3"]
[White "Kesidis, Odyseas"]
[Black "Tiviakov, Sergei"]
[Result "0-1"]
[WhiteElo "2242"]
[BlackElo "2550"]
[PlyCount "76"]
[EventDate "2023.04.17"]
[EventType "swiss"]
[EventRounds "9"]
[EventCountry "GRE"]
[SourceTitle "EXT 2024"]
[Source "ChessBase"]
[SourceDate "2023.10.10"]
[SourceVersion "1"]
[SourceVersionDate "2023.10.10"]
[SourceQuality "1"]

1. e4 d5 2. exd5 Qxd5 3. Nc3 Qd6 4. d4 Nf6 5. Nf3 c6 6. g3 Bf5 7. Bg2 e6 8. 0-0 Be7 9. Bf4 Qd8 10. Ne2 0-0 11. c4 Qb6 12. Qc1 Na6 13. a3 c5 14. Rd1 Rad8 15. h3 Be4 16. Nc3 cxd4 17. Nxe4 Nxe4 18. b4 Nc3 19. Rd2 Bf6 20. Ne5 g5 21. c5 Nxc5 22. bxc5 Qxc5 23. Nd3 Qa5 24. Rb2 gxf4 25. Qxf4 Bg7 26. Bxb7 Qh5 27. Bf3 Qg6 28. Ne5 Bxe5 29. Qxe5 Qg7 30. Qa5 d3 31. Rc1 Ne2+ 32. Rxe2 dxe2 33. Bxe2 Qb2 34. Rc3 Rd5 35. Qb4 Qxe2 36. Rc4 Rfd8 37. Rg4+ Kh8 38. Qf4 Rf5 0-1

[Event "Paphos op 1st"]
[Site "Paphos"]
[Date "2023.04.09"]
[Round "4"]
[White "Tiviakov, Sergei"]
[Black "Stokstad, Petter Glenne"]
[Result "1-0"]
[WhiteElo "2550"]
[BlackElo "2184"]
[PlyCount "75"]
[EventDate "2023.04.07"]
[EventType "swiss"]
[EventRounds "9"]
[EventCountry "CYP"]
[SourceTitle "CBM 213 Extra"]
[Source "ChessBase"]
[SourceDate "2023.05.31"]
[SourceVersion "1"]
[SourceVersionDate "2023.05.31"]
[SourceQuality "1"]

1. e4 c5 2. Nc3 Nc6 3. Nge2 d6 4. d4 cxd4 5. Nxd4 Nf6 6. Bg5 e6 7. Qd2 Be7 8. 0-0-0 a6 9. f4 Qc7 10. Be2 Bd7 11. Nf3 0-0-0 12. Kb1 Be8 13. Qe1 Nd7 14. Bxe7 Nxe7 15. Qg3 Rg8 16. Rd2 Kb8 17. Rhd1 Nb6 18. Qh3 h6 19. f5 exf5 20. exf5 Bd7 21. g4 d5 22. Qh4 f6 23. Bf1 Be8 24. Nd4 Bf7 25. Qf2 Rd7 26. Rd3 Rc8 27. b3 Ka8 28. Nce2 Nc6 29. Rc3 Qd8 30. Nxc6 Rxc6 31. Rxc6 bxc6 32. Qc5 Kb7 33. Nf4 Nc8 34. Nd3 Re7 35. Nb4 Qb6 36. Bxa6+ Kc7 37. Rxd5 Re4 38. Rd7+ 1-0

[Event "Paphos op 1st"]
[Site "Paphos"]
[Date "2023.04.08"]
[Round "3"]
[White "Kucza, Karol"]
[Black "Tiviakov, Sergei"]
[Result "1/2-1/2"]
[WhiteElo "2328"]
[BlackElo "2550"]
[PlyCount "240"]
[EventDate "2023.04.07"]
[EventType "swiss"]
[EventRounds "9"]
[EventCountry "CYP"]
[SourceTitle "CBM 213 Extra"]
[Source "ChessBase"]
[SourceDate "2023.05.31"]
[SourceVersion "1"]
[SourceVersionDate "2023.05.31"]
[SourceQuality "1"]

1. e4 d5 2. exd5 Qxd5 3. Nf3 Nf6 4. d4 g6 5. c4 Qd8 6. Nc3 Bg7 7. Be2 0-0 8. 0-0 c6 9. Bf4 Nbd7 10. Qd2 b6 11. Rad1 Bb7 12. Rfe1 Re8 13. h3 a6 14. Bf1 e6 15. a4 Qe7 16. a5 Qb4 17. axb6 Nxb6 18. Ne5 c5 19. dxc5 Qxc5 20. b4 Qc8 21. Qe3 Nfd7 22. Nxd7 Nxd7 23. Ne4 Bxe4 24. Qxe4 a5 25. Qd3 Nb6 26. bxa5 Rxa5 27. Rb1 Nd7 28. Rb5 Ra8 29. Rd1 Nc5 30. Qe3 e5 31. Bg3 Bf8 32. Be2 Ra6 33. Bf3 e4 34. Bg4 f5 35. Be2 Rc6 36. Rd5 Nd7 37. Qa7 Nf6 38. Rb8 Qa6 39. Qxa6 Rxa6 40. Rxe8 Nxe8 41. c5 Ra1+ 42. Kh2 Rc1 43. Rd8 Kf7 44. Bb5 Ng7 45. c6 Ne6 46. c7 Rxc7 47. Bxc7 Nxc7 48. Bc6 Be7 49. Rc8 Kf6 50. Kg1 Ne6 51. Bd5 Nd4 52. Kf1 h5 53. Ra8 h4 54. Ra6+ Ke5 55. Bf7 g5 56. Ra5+ Kf4 57. Bg6 Bf6 58. Ra3 Be7 59. Ra7 Bf6 60. Rf7 Be5 61. Kg1 Bd6 62. Rd7 Be5 63. Rd5 g4 64. hxg4 fxg4 65. Rd8 e3 66. fxe3+ Kxe3 67. Kf1 h3 68. Re8 hxg2+ 69. Kxg2 Kf4 70. Bd3 Nf3 71. Ba6 Nh4+ 72. Kf1 Bd4 73. Bb7 Kg3 74. Rd8 Bb6 75. Rd6 Bc5 76. Rd5 Bb6 77. Rd3+ Kf4 78. Rd6 Ba7 79. Rf6+ Kg3 80. Ra6 Bc5 81. Ra5 Bd6 82. Rd5 Bf4 83. Rd3+ Kh2 84. Rd4 Kg3 85. Ke2 Nf5 86. Ra4 Ne3 87. Ra1 Bg5 88. Bc8 Bf4 89. Ra3 Bg5 90. Ra7 Bf4 91. Rg7 Be5 92. Rg8 Bf4 93. Bd7 Bh6 94. Bc8 Bf4 95. Kd3 Kf3 96. Bb7+ Kg3 97. Ke4 Nc4 98. Bd5 Nd6+ 99. Kd3 Nf5 100. Be6 Nh6 101. Rf8 Bg5 102. Ke4 Bd2 103. Rd8 Bg5 104. Rd5 Kh4 105. Rd1 Kg3 106. Rh1 Bd2 107. Rh5 Bc1 108. Rd5 Kh4 109. Kd3 Kg3 110. Ke2 Bf4 111. Rh5 Bc1 112. Rh1 Bg5 113. Rf1 Bf4 114. Rg1+ Kh4 115. Kf2 Be5 116. Kg2 Kg5 117. Rf1 Bf4 118. Rb1 Kh4 119. Rb4 Kg5 120. Rb5+ Kf6 1/2-1/2

[Event "NED-chT 2223"]
[Site "Netherlands"]
[Date "2023.04.01"]
[Round "8.1"]
[White "Van Roon, Sjoerd"]
[Black "Tiviakov, Sergei"]
[Result "0-1"]
[WhiteElo "2309"]
[BlackElo "2550"]
[PlyCount "42"]
[EventDate "2022.09.17"]
[EventType "team-tourn"]
[EventRounds "9"]
[EventCountry "NED"]
[SourceTitle "EXT 2024"]
[Source "ChessBase"]
[SourceDate "2023.10.10"]
[SourceVersion "1"]
[SourceVersionDate "2023.10.10"]
[SourceQuality "1"]
[WhiteTeam "De Stukkenjagers"]
[BlackTeam "Groningen Combinatie"]
[WhiteTeamCountry "NED"]
[BlackTeamCountry "NED"]

1. e4 d5 2. exd5 Qxd5 3. Nc3 Qd6 4. d4 c6 5. Nf3 Bg4 6. Bc4 Nf6 7. h3 Bxf3 8. Qxf3 Qxd4 9. Bb3 e6 10. Be3 Qd8 11. g4 Be7 12. g5 Nd5 13. Bd4 0-0 14. Ne4 c5 15. c4 cxd4 16. cxd5 exd5 17. Bxd5 Nc6 18. Rg1 Qa5+ 19. Kd1 Ne5 20. Qf5 Qxd5 21. f4 Nc4 0-1

[Event "Al Beruniy op 1st"]
[Site "Khiva"]
[Date "2022.12.04"]
[Round "8"]
[White "Mchedlishvili, Mikheil"]
[Black "Tiviakov, Sergei"]
[Result "1/2-1/2"]
[WhiteElo "2558"]
[BlackElo "2562"]
[PlyCount "21"]
[EventDate "2022.11.29"]
[EventType "swiss"]
[EventRounds "9"]
[EventCountry "UZB"]
[SourceTitle "EXT 2024"]
[Source "ChessBase"]
[SourceDate "2023.10.10"]
[SourceVersion "1"]
[SourceVersionDate "2023.10.10"]
[SourceQuality "1"]

1. d4 Nf6 2. Nf3 e6 3. c4 b6 4. g3 Bb7 5. Bg2 Be7 6. 0-0 c6 7. Nc3 d5 8. cxd5 cxd5 9. Bf4 0-0 10. Rc1 Nc6 11. Ne5 1/2-1/2

[Event "Al Beruniy op 1st"]
[Site "Khiva"]
[Date "2022.12.01"]
[Round "4"]
[White "Bernadskiy, Vitaliy"]
[Black "Tiviakov, Sergei"]
[Result "1-0"]
[WhiteElo "2615"]
[BlackElo "2562"]
[PlyCount "50"]
[EventDate "2022.11.29"]
[EventType "swiss"]
[EventRounds "9"]
[EventCountry "UZB"]
[SourceTitle "EXT 2024"]
[Source "ChessBase"]
[SourceDate "2023.10.10"]
[SourceVersion "1"]
[SourceVersionDate "2023.10.10"]
[SourceQuality "1"]

1. e4 d5 2. exd5 Qxd5 3. Nc3 Qd6 4. d4 Nf6 5. Nf3 c6 6. h3 Bf5 7. Ne5 Nbd7 8. Nc4 Qc7 9. Qf3 e6 10. Bf4 Qd8 11. 0-0-0 Nd5 12. Nxd5 cxd5 13. Nd6+ Bxd6 14. Bxd6 Qg5+ 15. Kb1 Rc8 16. Bd3 Bxd3 17. Qxd3 Rc6 18. Bb4 Qg6 19. Qe2 Kd8 20. g4 Kc8 21. b3 Kb8 22. Kb2 h5 23. Rhf1 hxg4 24. hxg4 Rhc8 25. Rd2 Ka8 1-0

[Event "Tashkent President op 2nd"]
[Site "Tashkent"]
[Date "2022.09.13"]
[Round "10"]
[White "Tiviakov, Sergei"]
[Black "Madaminov, Mukhiddin"]
[Result "1-0"]
[WhiteElo "2577"]
[BlackElo "2425"]
[PlyCount "58"]
[EventDate "2022.09.07"]
[EventType "swiss"]
[EventRounds "10"]
[EventCountry "UZB"]
[SourceTitle "CBM 210 Extra"]
[Source "ChessBase"]
[SourceDate "2022.11.30"]
[SourceVersion "1"]
[SourceVersionDate "2022.11.30"]
[SourceQuality "1"]

1. e4 e5 2. Nf3 Nc6 3. Bb5 a6 4. Ba4 Nf6 5. d3 d6 6. c3 g6 7. 0-0 Bg7 8. Re1 0-0 9. h3 b5 10. Bc2 a5 11. Be3 h6 12. d4 Bb7 13. Nbd2 exd4 14. cxd4 Nb4 15. Bb1 c5 16. dxc5 Nd7 17. cxd6 Bxb2 18. Nb3 Bxa1 19. Nxa1 Re8 20. Bxh6 Qf6 21. Nb3 a4 22. Bg5 Qe6 23. Nbd4 Qc4 24. Qd2 Qc5 25. Be7 Nc6 26. Nxc6 Qxc6 27. e5 Qd5 28. Qh6 Rxe7 29. dxe7 Nc5 1-0

[Event "Atyrau op"]
[Site "Atyrau"]
[Date "2022.08.23"]
[Round "9"]
[White "Nesterov, Arseniy"]
[Black "Tiviakov, Sergei"]
[Result "1/2-1/2"]
[WhiteElo "2568"]
[BlackElo "2576"]
[PlyCount "116"]
[EventDate "2022.08.15"]
[EventType "swiss"]
[EventRounds "9"]
[EventCountry "KAZ"]
[SourceTitle "CBM 210 Extra"]
[Source "ChessBase"]
[SourceDate "2022.11.30"]
[SourceVersion "1"]
[SourceVersionDate "2022.11.30"]
[SourceQuality "1"]

1. d4 Nf6 2. c4 e6 3. g3 d5 4. Bg2 Bb4+ 5. Nd2 0-0 6. Ngf3 dxc4 7. Qc2 c5 8. dxc5 c3 9. bxc3 Bxc5 10. 0-0 Qc7 11. Nb3 Bd6 12. c4 Nc6 13. Bb2 e5 14. Rfd1 Re8 15. Nfd2 a5 16. Ne4 Nxe4 17. Bxe4 h6 18. a3 Bg4 19. Qd3 Qb6 20. Rab1 a4 21. Nd2 Bc5 22. Bd4 Nxd4 23. Rxb6 Bxe2 24. Qb1 Bxb6 25. Re1 Ba5 26. Rxe2 Nxe2+ 27. Kf1 Nd4 28. Nf3 Re7 29. Kg2 Rc8 30. Bd5 Nxf3 31. Bxf3 Bc3 32. Bd5 Bd4 33. Qb4 Bc5 34. Qxa4 g6 35. Qc2 Kg7 36. a4 b6 37. Qc3 Bd4 38. Qb4 Rd7 39. Qb5 Rd6 40. a5 Rf6 41. a6 Rxf2+ 42. Kh3 Rc7 43. Bb7 Ra2 44. Qd5 Ra5 45. Qd6 Rxc4 46. Bd5 Rcc5 47. Bxf7 Kxf7 48. Qd7+ Kf6 49. a7 h5 50. Qd8+ Kf5 51. a8Q Rxa8 52. Qxa8 Rc7 53. Qf8+ Ke6 54. Qg8+ Kf6 55. Qh8+ Kf5 56. Qf8+ Ke6 57. Qg8+ Kf6 58. Qh8+ Kf5 1/2-1/2

[Event "Atyrau op"]
[Site "Atyrau"]
[Date "2022.08.20"]
[Round "6"]
[White "Kassimov, Baurzhan"]
[Black "Tiviakov, Sergei"]
[Result "0-1"]
[WhiteElo "2285"]
[BlackElo "2576"]
[PlyCount "52"]
[EventDate "2022.08.15"]
[EventType "swiss"]
[EventRounds "9"]
[EventCountry "KAZ"]
[SourceTitle "CBM 210 Extra"]
[Source "ChessBase"]
[SourceDate "2022.11.30"]
[SourceVersion "1"]
[SourceVersionDate "2022.11.30"]
[SourceQuality "1"]

1. e4 d5 2. exd5 Qxd5 3. Nc3 Qd6 4. d4 Nf6 5. Nf3 c6 6. g3 Bf5 7. Bg2 e6 8. 0-0 Be7 9. Ne2 0-0 10. c4 Nbd7 11. Bf4 Qb4 12. b3 Qa5 13. a3 Rfd8 14. Bd2 Qa6 15. Nc3 Ne4 16. Nxe4 Bxe4 17. Re1 Nf6 18. Bg5 Bxf3 19. Bxf3 c5 20. d5 Nxd5 21. cxd5 Bxg5 22. Qc2 exd5 23. Qxc5 Qd3 24. Kg2 b6 25. Qc6 Qxb3 26. Bxd5 Qxd5+ 0-1

[Event "Atyrau op"]
[Site "Atyrau"]
[Date "2022.08.18"]
[Round "4"]
[White "Moisseyenko, Ilya"]
[Black "Tiviakov, Sergei"]
[Result "0-1"]
[WhiteElo "2280"]
[BlackElo "2576"]
[PlyCount "140"]
[EventDate "2022.08.15"]
[EventType "swiss"]
[EventRounds "9"]
[EventCountry "KAZ"]
[SourceTitle "CBM 210 Extra"]
[Source "ChessBase"]
[SourceDate "2022.11.30"]
[SourceVersion "1"]
[SourceVersionDate "2022.11.30"]
[SourceQuality "1"]

1. Nf3 Nf6 2. b3 e6 3. Bb2 b6 4. g3 Bb7 5. Bg2 Be7 6. 0-0 0-0 7. c4 d5 8. e3 c5 9. Nc3 dxc4 10. bxc4 Nc6 11. Qe2 Qc7 12. Nb5 Qc8 13. Rfd1 Rd8 14. Rac1 a6 15. Nc3 Rb8 16. Ba1 Na5 17. Rb1 Bc6 18. h4 Qb7 19. Ne1 Ne8 20. Bxc6 Qxc6 21. a4 Bf6 22. d3 Qd7 23. Ng2 Nc6 24. Nf4 Be5 25. Ne4 Bxa1 26. Rxa1 Qe7 27. Qb2 Nd6 28. Nxd6 Rxd6 29. Rd2 Rbd8 30. Rad1 Qd7 31. Qxb6 Ne5 32. Qxc5 Nf3+ 33. Kg2 Nxd2 34. Rxd2 Qxa4 35. Qg5 Qc6+ 36. Kh2 h6 37. Qg4 Rb8 38. Nh5 g6 39. Nf6+ Kf8 40. Qf4 h5 41. Ne4 Rdd8 42. Ng5 Rb7 43. Qf6 Rc8 44. Ne4 Rb1 45. Rb2 Rxb2 46. Qh8+ Ke7 47. Qxb2 Rd8 48. Qa3+ Kd7 49. Nc5+ Ke8 50. Nxa6 Qf3 51. Nc7+ Kd7 52. Nb5 Qxf2+ 53. Kh3 Qf5+ 54. Kh2 Qe5 55. d4 Qb8 56. d5 exd5 57. Qd3 Qe5 58. cxd5 Rc8 59. Kh3 Rc1 60. e4 Qb2 61. Qf3 Qxb5 62. Qxf7+ Kc8 63. Qf8+ Kb7 64. Qf7+ Rc7 65. Qf2 Re7 66. Qe1 Re5 67. Kh2 Qxd5 68. Qa1 Qxe4 69. Qb2+ Kc6 70. Qc3+ Kd7 0-1

[Event "Atyrau op"]
[Site "Atyrau"]
[Date "2022.08.18"]
[Round "3"]
[White "Tiviakov, Sergei"]
[Black "Isanzhulov, Arystan"]
[Result "1/2-1/2"]
[WhiteElo "2576"]
[BlackElo "2307"]
[PlyCount "113"]
[EventDate "2022.08.15"]
[EventType "swiss"]
[EventRounds "9"]
[EventCountry "KAZ"]
[SourceTitle "CBM 210 Extra"]
[Source "ChessBase"]
[SourceDate "2022.11.30"]
[SourceVersion "1"]
[SourceVersionDate "2022.11.30"]
[SourceQuality "1"]

1. e4 c5 2. c3 Nf6 3. e5 Nd5 4. Nf3 Nc6 5. Bc4 Nb6 6. Bb3 d5 7. exd6 Qxd6 8. 0-0 Be6 9. Bxe6 Qxe6 10. a4 Qd7 11. a5 Nd5 12. d4 cxd4 13. Nxd4 a6 14. Nxc6 Qxc6 15. Nd2 e6 16. Nf3 Bd6 17. Re1 0-0 18. h4 Rac8 19. Nd4 Qc7 20. Qg4 Bh2+ 21. Kh1 Bf4 22. Bxf4 Qxf4 23. Qxf4 Nxf4 24. Red1 Rfd8 25. g3 Nd5 26. Kg2 Kf8 27. Kf3 Ke7 28. Nc2 Rc5 29. Ne3 h6 30. Ra4 Nxe3 31. Rxd8 Kxd8 32. Kxe3 Kc7 33. g4 h5 34. g5 f6 35. f4 Kc8 36. Ke4 Kc7 37. Ke3 Kc8 38. Re4 Kd7 39. Rb4 Kc7 40. gxf6 gxf6 41. Ra4 Kc6 42. Ke4 Kc7 43. Ke3 Kc6 44. c4 b6 45. axb6 Kxb6 46. Kd4 Rf5 47. Ke4 Rc5 48. b3 a5 49. Ra1 Kc6 50. Re1 Kd6 51. Rd1+ Ke7 52. Rg1 Kd6 53. Ra1 Kc6 54. Re1 Kd6 55. Rd1+ Ke7 56. Ra1 Kd6 57. Rd1+ 1/2-1/2

[Event "FRA-chT Top 16 Gp Haute"]
[Site "Chartres"]
[Date "2022.06.19"]
[Round "4.2"]
[White "Tiviakov, Sergei"]
[Black "Navrotescu, Andreea Cristiana"]
[Result "1-0"]
[WhiteElo "2570"]
[BlackElo "2350"]
[PlyCount "97"]
[EventDate "2022.06.16"]
[EventType "team-tourn"]
[EventRounds "4"]
[EventCountry "FRA"]
[SourceTitle "CBM 208 Extra"]
[Source "ChessBase"]
[SourceDate "2022.07.31"]
[SourceVersion "1"]
[SourceVersionDate "2022.07.31"]
[SourceQuality "1"]
[WhiteTeam "Chartres"]
[BlackTeam "Mulhouse Philidor"]
[WhiteTeamCountry "FRA"]
[BlackTeamCountry "FRA"]

1. e4 e6 2. d4 d5 3. Nd2 c5 4. exd5 Qxd5 5. dxc5 Nf6 6. Ngf3 Qxc5 7. Bd3 Be7 8. 0-0 Nbd7 9. a4 a5 10. Nb3 Qc7 11. Nbd4 Nc5 12. Nb5 Qd8 13. Bc4 Qxd1 14. Rxd1 0-0 15. Be3 b6 16. Nd6 Rd8 17. Bxc5 bxc5 18. Nxc8 Raxc8 19. c3 Nd7 20. Bb5 Nb6 21. Ne5 Rxd1+ 22. Rxd1 Rd8 23. Rb1 Rd5 24. Nc6 Bd8 25. Kf1 Nc8 26. Ke2 Ne7 27. Nxd8 Rxd8 28. Rd1 Rxd1 29. Kxd1 Nd5 30. Kc2 Kf8 31. Kd3 Ke7 32. Kc4 Kd6 33. Be8 f6 34. Bh5 Nc7 35. Bf3 e5 36. Be4 g6 37. g4 Ne6 38. Kb5 Ng5 39. Bg2 Ne6 40. Kxa5 Nf4 41. Be4 Nh3 42. f3 Nf2 43. Kb5 Ke6 44. a5 f5 45. gxf5+ gxf5 46. Bc6 e4 47. fxe4 Nxe4 48. Bxe4 fxe4 49. a6 1-0

[Event "FRA-chT Top 16 GpA"]
[Site "Chartres"]
[Date "2022.06.14"]
[Round "6.3"]
[White "Tiviakov, Sergei"]
[Black "Jones, Gawain C B"]
[Result "1/2-1/2"]
[WhiteElo "2570"]
[BlackElo "2665"]
[PlyCount "69"]
[EventDate "2022.06.09"]
[EventType "team-tourn"]
[EventRounds "7"]
[EventCountry "FRA"]
[SourceTitle "CBM 208 Extra"]
[Source "ChessBase"]
[SourceDate "2022.07.31"]
[SourceVersion "1"]
[SourceVersionDate "2022.07.31"]
[SourceQuality "1"]
[WhiteTeam "Chartres"]
[BlackTeam "Chalon"]
[WhiteTeamCountry "FRA"]
[BlackTeamCountry "FRA"]

1. e4 e5 2. Nf3 Nc6 3. Bc4 Nf6 4. d3 Bc5 5. c3 d6 6. Bb3 a5 7. a4 h6 8. 0-0 0-0 9. Re1 Re8 10. Nbd2 Be6 11. Bxe6 Rxe6 12. Qb3 Qd7 13. Nf1 d5 14. Ng3 Rd8 15. Bd2 b6 16. Re2 dxe4 17. dxe4 Rd6 18. Rae1 Ng4 19. Nf1 Nf6 20. Ng3 Rd3 21. Qc4 Ng4 22. Nf1 Qd6 23. Ne3 Nxe3 24. Bxe3 Bxe3 25. Rxe3 Rxe3 26. Rxe3 Ne7 27. Re2 Qd1+ 28. Re1 Qd6 29. g3 Ng6 30. Kg2 Qd7 31. h3 c6 32. Re2 Qd1 33. Re1 Qd7 34. Re2 Qd1 35. Re1 1/2-1/2

[Event "FRA-chT Top 16 GpA"]
[Site "Chartres"]
[Date "2022.06.13"]
[Round "5.2"]
[White "Bellahcene, Bilel"]
[Black "Tiviakov, Sergei"]
[Result "0-1"]
[WhiteElo "2513"]
[BlackElo "2570"]
[PlyCount "74"]
[EventDate "2022.06.09"]
[EventType "team-tourn"]
[EventRounds "7"]
[EventCountry "FRA"]
[SourceTitle "CBM 208 Extra"]
[Source "ChessBase"]
[SourceDate "2022.07.31"]
[SourceVersion "1"]
[SourceVersionDate "2022.07.31"]
[SourceQuality "1"]
[WhiteTeam "Bischwiller"]
[BlackTeam "Chartres"]
[WhiteTeamCountry "FRA"]
[BlackTeamCountry "FRA"]

1. e4 d5 2. exd5 Qxd5 3. Nc3 Qd6 4. d4 Nf6 5. Nf3 c6 6. Ne5 Nbd7 7. f4 Nb6 8. Be3 g6 9. Qf3 Bg7 10. 0-0-0 Be6 11. Bd3 Nbd5 12. Nc4 Qc7 13. Nxd5 Nxd5 14. a3 b5 15. Ne5 Bxe5 16. fxe5 Bg4 17. Qxg4 Nxe3 18. Qf3 Nxd1 19. Rxd1 0-0 20. h4 Rad8 21. Qe3 c5 22. h5 cxd4 23. Qg3 Rd5 24. Re1 Kg7 25. Qf4 a6 26. Kb1 Qb8 27. Qg5 Qd8 28. Rh1 f6 29. Qh4 g5 30. exf6+ exf6 31. Qe4 f5 32. h6+ Kh8 33. Qe6 Rf6 34. Qe2 Qf8 35. Qh5 g4 36. Qg5 Rdd6 37. Re1 Rde6 0-1